| 000 | 00395nam a2200157Ia 4500 | ||
|---|---|---|---|
| 005 | 20250424120231.0 | ||
| 008 | 250424s9999 xx 000 0 und d | ||
| 022 | _a00113530 | ||
| 050 | _aDA 472 .C87/ | ||
| 245 | 0 | _acurrent history: a journal of contemporary world affairs | |
| 260 | _aPhiladelphia | ||
| 260 | _bCurrent History, Inc. | ||
| 260 | _c2011 | ||
| 650 | _aHistory | ||
| 942 | _cSR | ||
| 999 |
_c38151 _d38151 |
||